| 000 | 00675 a2200217 4500 | ||
|---|---|---|---|
| 010 | _a 2001045144 | ||
| 020 | _a0130308978 | ||
| 040 |
_aDLC _bDLC |
||
| 082 | 0 | 0 | _a005.2/76 |
| 100 | 1 | _aDeitel, Harvey M., | |
| 245 | 1 | 0 |
_aInternet and World Wide Web : how to program _cH.M. Deitel, P.J. Deitel, T.R. Nieto. |
| 246 | 3 | _aInternet and World Wide Web | |
| 250 | _a2nd ed. | ||
| 260 |
_aUpper Saddle River, N.J. : _bPrentice Hall, _cc2002. |
||
| 300 |
_alvii, 1428 p. : _bcol. ill .; _c23 cm. + _e1 CD-ROM (4 3/4 in.) |
||
| 650 | 0 | _aInternet programming. | |
| 650 | 0 | _aWorld Wide Web. | |
| 700 | 1 | _aDeitel, Paul J. | |
| 700 | 1 | _aNieto, T. R. | |
| 942 |
_cBK _k005.276 DEI _2ddc |
||
| 999 |
_c9704 _d9704 |
||